Modern database management / (Record no. 180198)
[ view plain ]
| 000 -LEADER | |
|---|---|
| fixed length control field | 00823 a2200229 4500 |
| 003 - CONTROL NUMBER IDENTIFIER | |
| control field | Nust |
| 005 - DATE AND TIME OF LATEST TRANSACTION | |
| control field | 20221014151943.0 |
| 010 ## - LIBRARY OF CONGRESS CONTROL NUMBER | |
| LC control number | 2001036826 |
| 020 ## - INTERNATIONAL STANDARD BOOK NUMBER | |
| International Standard Book Number | 8178088045 |
| 040 ## - CATALOGING SOURCE | |
| Transcribing agency | Nust |
| 082 00 - DEWEY DECIMAL CLASSIFICATION NUMBER | |
| Classification number | 005.74,HOF |
| 100 1# - MAIN ENTRY--PERSONAL NAME | |
| Personal name | Hoffer, Jeffrey A. |
| 245 10 - TITLE STATEMENT | |
| Title | Modern database management / |
| Statement of responsibility, etc. | Jeffrey A. Hoffer, Mary B. Prescott, Fred R. McFadden. |
| 250 ## - EDITION STATEMENT | |
| Edition statement | 6th ed. |
| 260 ## - PUBLICATION, DISTRIBUTION, ETC. | |
| Place of publication, distribution, etc. | Upper Saddle River, NJ : |
| Name of publisher, distributor, etc. | Prentice Hall, |
| Date of publication, distribution, etc. | c2002. |
| 300 ## - PHYSICAL DESCRIPTION | |
| Extent | xxxiv, 638 p. : |
| Other physical details | ill. ; |
| Dimensions | 29 cm. |
| 505 ## - FORMATTED CONTENTS NOTE | |
| Formatted contents note | The Context Database Management (Page-3), Database Analysis (Page-75), Database Design (Page-165), Implementation (Page-257), Advanced Database Topics (Page-447). |
| 650 #0 - SUBJECT ADDED ENTRY--TOPICAL TERM | |
| Topical term or geographic name entry element | Database management. |
| 700 1# - ADDED ENTRY--PERSONAL NAME | |
| Personal name | McFadden, Fred R., |
| Dates associated with a name | 1933- |
| 700 1# - ADDED ENTRY--PERSONAL NAME | |
| Personal name | McFadden, Fred R., |
| Dates associated with a name | 1933- |
| 9 (RLIN) | 93819 |
| 942 ## - ADDED ENTRY ELEMENTS (KOHA) | |
| Source of classification or shelving scheme | |
| Koha item type | Book |
| Call number prefix | 005.74,HOF |
| Withdrawn status | Lost status | Source of classification or shelving scheme | Damaged status | Not for loan | Permanent Location | Current Location | Shelving location | Date acquired | Total Checkouts | Full call number | Barcode | Date last seen | Date last checked out | Price effective from | Koha item type | Public note |
|---|---|---|---|---|---|---|---|---|---|---|---|---|---|---|---|---|
| Military College of Signals (MCS) | Military College of Signals (MCS) | General Stacks | 12/12/2016 | 2 | 005.74,HOF | MCS32622 | 01/12/2024 | 12/26/2023 | 12/12/2016 | Book | Almirah No.6, Shelf No.6 | |||||
| Military College of Signals (MCS) | Military College of Signals (MCS) | General Stacks | 12/12/2016 | 005.74,HOF | MCS37513 | 12/08/2016 | 12/12/2016 | Book | Almirah No.81, Shelf No.2 |
